Loading...
| Current Events | 2 | 15.00 | 100% | 50% | 0% |
| Fine Arts - Classical Music | 10 | 11.00 | 70% | 40% | 0% |
| Fine Arts - Other | 12 | 11.67 | 67% | 33% | 17% |
| Fine Arts - Painting & Sculpture | 7 | 14.29 | 100% | 29% | 14% |
| Geography | 3 | 13.33 | 67% | 67% | 0% |
| History - American | 8 | 12.50 | 88% | 13% | 25% |
| History - European | 4 | 12.50 | 75% | 50% | 0% |
| History - Other | 4 | 7.50 | 75% | 0% | 0% |
| History - World | 7 | 15.71 | 100% | 57% | 0% |
| Literature - American | 5 | 16.00 | 80% | 60% | 20% |
| Literature - British | 11 | 14.55 | 100% | 46% | 0% |
| Literature - European | 6 | 15.00 | 83% | 67% | 0% |
| Literature - World | 11 | 13.64 | 91% | 46% | 0% |
| Mythology | 5 | 10.00 | 80% | 20% | 0% |
| Other Academic | 6 | 16.67 | 67% | 83% | 17% |
| Philosophy | 8 | 6.25 | 50% | 13% | 0% |
| Religion | 7 | 12.86 | 100% | 29% | 0% |
| Science - Biology | 9 | 11.11 | 100% | 11% | 0% |
| Science - Chemistry | 4 | 12.50 | 100% | 25% | 0% |
| Science - Other | 15 | 12.00 | 93% | 27% | 0% |
| Science - Physics | 6 | 15.00 | 100% | 50% | 0% |
| Social Science | 11 | 11.82 | 100% | 9% | 9% |